| 000 | 00380nam a2200145Ia 4500 | ||
|---|---|---|---|
| 008 | 150201s1998 xx 000 0 und d | ||
| 082 |
_a612.015 _bT1998B |
||
| 100 | _aCARL.A.BRNTS | ||
| 245 | _aTIETZ TEXTBOOK OF CLINICAL CHEMISTRY | ||
| 250 | _a3RD | ||
| 260 |
_bHARCOURT INDIA PRIVATE LIMITED _aSINGAPORE _c1998 |
||
| 300 | _aJan-17 | ||
| 650 | _aBIOCHEMISTRY | ||
| 942 |
_2ddc _cBK |
||
| 999 |
_c2590 _d2590 |
||